000 00699nam a2200289Ia 4500
005 20260324140454.0
008 008 260324s9999 xx 000 0 eng d
020 _a9781315078991
037 _aEBOOK
040 _aCRL
040 _beng
040 _cCRL
041 _2eng
041 _aeng
084 _qCRL
100 _aKatya Bloom; Rosa Shreeves
_91204515
245 0 _aMoves
245 2 _bA Sourcebook of Ideas for Body Awareness and Creative Movement
260 _bTaylor and Francis
260 _c1998
365 _a
365 _b230
856 _uhttp://www.taylorfrancis.com/books/9781315078991
942 _cEBOOK
999 _c1806648
_d1806648